Регионална библиотека "Любен Каравелов" - Русе

Концерт за виола и оркестър (Запис номер 349417)

MARC детайли
000 -Лидер
Контролно поле с фиксирана дължина 01229ncm a2200361 a 4500
003 - Код на организацията, давaща контролен номер
Контролно поле BLK
005 - Дата и час на последна редакция
Контролно поле 20250215161531.0
008 - Елементи от данни с фиксирана дължина
fixed length control field 200324b bu ||||| |||| 00| 0 bu d
040 ## - Източник на каталожния запис
Идентификатор на билиотеката - собственик на записа BLK
041 ## - Код за език
Код за езика на текст/звукозапис или на отделно заглавие Български
Код за езика КДБФ Български
080 ## - УДК
Текстов определител УДК Цигулка, виолина, виола д'аморе
УДК код - определител по УДК 787.1
УДК - код + определител 787.1
100 ## - Редна дума - Автор
Автор Ванхал, Ян К.
Авторска отговорност първи автор
R(LIN) 1299
139 ## - Редно поле
Редна дума Ванхал, Ян К.
Авторски знак Ванк - В 20
245 ## - Сведения за заглавието
Заглавие Концерт за виола и оркестър
Подзаглавни данни Извлечение за пиано
Редно поле (дума) Ян К. Ванхал; Състав. Стефан Сугарев
260 ## - Област на издателските данни
9 (RLIN) 209548
Място на издаване, разпространение и проч. София
Име на издателя, разпространителя и проч. Наука и изкуство
Година на издаване 1957
300 ## - Физическа характеристика
Страници 30 с.
Размери/Мащаб 30 см
380 ## - Жанр
Жанр Изкуство
650 #7 - Допълнително описание по предмет – тема
Основно описание – тема или топоним Виола - концерти, концертини
Източник на редна или ключова дума
9 (RLIN) 150741
653 #7 - Ключова дума – ненормативна
9 (RLIN) 183295
Ключова дума виола
653 #7 - Ключова дума – ненормативна
9 (RLIN) 193730
Ключова дума пиано
653 #7 - Ключова дума – ненормативна
9 (RLIN) 189133
Ключова дума концерти
700 ## - Други автори (авторска отговорност)
9 (RLIN) 1478
Лично име Сугарев, Стефан
Автороска отговорност (Описва отношението между автора и произведението) състав.
852 ## - Местоположение
Форматна сигнатура Цб М II 98
999 ## - СИСТЕМНИ КОНТРОЛНИ НОМЕРА
Koha biblionumber 349417
Koha biblioitemnumber 349417
942 ## - АРТИКУЛИ
Вид на библиотечния материал Нотни издания
Скрит в OPAC Не
Периодичен библиозапис Да
944 ## - СЪЗДАВАНЕ И РЕДАКЦИЯ на ЗАПИСА
Дата на регистрацията/редакция 2020-03-24
Служител, извършил регистрацията/редакцията 30560
Статус, дата на статуса Геновева Генчева
999 ## - СИСТЕМНИ КОНТРОЛНИ НОМЕРА
Koha biblioitemnumber 349417
999 ## - СИСТЕМНИ КОНТРОЛНИ НОМЕРА
Koha biblioitemnumber 349417
999 ## - СИСТЕМНИ КОНТРОЛНИ НОМЕРА
Koha biblioitemnumber 349417
999 ## - СИСТЕМНИ КОНТРОЛНИ НОМЕРА
Koha biblioitemnumber 349417
999 ## - СИСТЕМНИ КОНТРОЛНИ НОМЕРА
Koha biblioitemnumber 349417
999 ## - СИСТЕМНИ КОНТРОЛНИ НОМЕРА
Koha biblioitemnumber 349417
999 ## - СИСТЕМНИ КОНТРОЛНИ НОМЕРА
Koha biblioitemnumber 349417
Наличности
Код за отписване Код за изгубен артикул Източник на класификационната схема Код за повреда Коз за рестрикции Код за отдаване Артикулен № Име на библиотеката - собственик Име на библиотеката, в която се намира в момента Статус (Текущо местоположение) Дата на вписване в системата Местоположение - отдел Цена в лева Инвентарен номер Систематично азбучна сигнатура Баркод Цена в евро Служебен тип на артикула
Изтеглен Не е изгубен Universal Decimal Classification Не е повреден без рестрикции заемане за дома 764492 Регионална библиотека "Любен Каравелов" Русе Регионална библиотека "Любен Каравелов" Русе Отдел Изкуство - подръчен фонд 2020-04-24 Отдел Изкуство - подръчен фонд 0.55 666/57 787.1/В 20 Я 900000001758 0.28 Нотни издания
  Не е изгубен Universal Decimal Classification Не е повреден само за читалня ползва се в читалня 766310 Регионална библиотека "Любен Каравелов" Русе Регионална библиотека "Любен Каравелов" Русе Хранилище 2020-05-02 Основен фонд - ползва се само за читалня 0.55 2112/57 Цб М ІІ 98 900000007102 0.28 Нотни издания
Vip Innovations Ltd, Rousse, Bulgaria 2025